Procesos sociales e innovación tecnológica en la agricultura de América Latina /

সংরক্ষণ করুন:
গ্রন্থ-পঞ্জীর বিবরন
প্রধান লেখক: Piñeiro, Martín E.
সংস্থা লেখক: IICA
অন্যান্য লেখক: Trigo, Eduardo J.
বিন্যাস: পাঠ‍্য
প্রকাশিত: San José: IICA
ট্যাগগুলো: ট্যাগ যুক্ত করুন
কোনো ট্যাগ নেই, প্রথমজন হিসাবে ট্যাগ করুন!

MARC

LEADER 00000 a a2200000 04500
001 25853
003
040
020 |a 92-9039-055-3  
090 |a 173502  
100 |a Piñeiro, Martín E.  
110 |a IICA  
245 |a Procesos sociales e innovación tecnológica en la agricultura de América Latina /  |c Martín E. Piñeiro 
260 |a San José:   |b IICA  
300 |a 566 p  
700 |a Trigo, Eduardo J.  
999 |c 16653  |d 16653